书目信息 |
| 题名: |
国家执业药师资格考试考试大纲
|
|
| 作者: | ;中国 制定 | |
| 分册: | ||
| 出版信息: | 北京 中国医药科技出版社 2016 |
|
| 页数: | 129页 | |
| 开本: | 29cm | |
| 丛书名: | ||
| 单 册: | ||
| 中图分类: | R192.8-41 , R192.8 | |
| 科图分类: | ||
| 主题词: | 药剂师--Yao Ji Shi--资格考试--考试大纲 | |
| 电子资源: | ||
| ISBN: | 978-7-5067-8355-2 | |
| 000 | 01240nam0 2200265 450 | |
| 001 | 1655241598 | |
| 005 | 20160325092034.4 | |
| 010 | @a978-7-5067-8355-2@dCNY49.00 | |
| 100 | @a20160325d2016 em y0chiy0120 ea | |
| 101 | 0 | @achi |
| 102 | @aCN@b110000 | |
| 105 | @ak z 000yy | |
| 106 | @ar | |
| 200 | 1 | @a国家执业药师资格考试考试大纲@AGuo Jia Zhi Ye Yao Shi Zi Ge Kao Shi Kao Shi Da Gang@e2016@f国家食品药品监督管理总局制定 |
| 205 | @a第7版 | |
| 210 | @a北京@c中国医药科技出版社@d2016 | |
| 215 | @a129页@d29cm | |
| 330 | @a国家执业药师资格考试考试大纲由国家食品药品监督管理总局制定,中华人民共和国人力资源和社会保障部审定。本版大纲由考试说明、试题类型举例及中药学和药学两类考试大纲组成。考试大纲采用表格形式列出大单元-小单元-细目-要点4个层次的考试范围,其中所列要点反映主要的考试内容。考试大纲所列内容均属于执业药师必备的知识与技能要求,统一纳入考试命题范围,作为执业药师资格考试命题和考生必备的依据。 | |
| 333 | @a参加国家执业药师资格考试的考生。 | |
| 606 | 0 | @a药剂师@AYao Ji Shi@x资格考试@x考试大纲 |
| 690 | @aR192.8-41@v5 | |
| 690 | @aR192.8@v4 | |
| 711 | 01 | @a中国@AZhong Guo@b国家食品药品监督管理总局@BGuo Jia Shi Pin Yao Pin Jian Du Guan Li Zong Ju@4制定 |
| 801 | 0 | @aCN@b江苏新华@c20150511 |
| 905 | @aBZT@dR192.8@e11 | |
| 国家执业药师资格考试考试大纲:2016/国家食品药品监督管理总局制定.-第7版.-北京:中国医药科技出版社,2016 |
| 129页;29cm |
| 使用对象:参加国家执业药师资格考试的考生。 |
| ISBN 978-7-5067-8355-2:CNY49.00 |
| 国家执业药师资格考试考试大纲由国家食品药品监督管理总局制定,中华人民共和国人力资源和社会保障部审定。本版大纲由考试说明、试题类型举例及中药学和药学两类考试大纲组成。考试大纲采用表格形式列出大单元-小单元-细目-要点4个层次的考试范围,其中所列要点反映主要的考试内容。考试大纲所列内容均属于执业药师必备的知识与技能要求,统一纳入考试命题范围,作为执业药师资格考试命题和考生必备的依据。 |
| ● |
| 相关链接 |
|
|
|
正题名:国家执业药师资格考试考试大纲
索取号:R192.8/11
 
预约/预借
| 序号 | 登录号 | 条形码 | 馆藏地/架位号 | 状态 | 备注 |
| 1 | 802559 | 2000802559 | 第二书库/ [索取号:R192.8/11] | 在馆 | |
| 2 | 802560 | 2000802560 | 第二书库/ [索取号:R192.8/11] | 在馆 | |
| 3 | 802561 | 2000802561 | 第二书库/ [索取号:R192.8/11] |
已借出,限还日期为2026.01.01 借出人:王心雨 |